| 000 | 006190000a22002170004500 | ||
|---|---|---|---|
| 001 | 10181 | ||
| 010 | _a972-750-045-5 | ||
| 100 | _a20021008d2000 k y0pory5003 ba | ||
| 101 | 0 | _apor | |
| 102 | _aPT | ||
| 200 | 1 |
_aPeter Pan _fWalt Disney _gtrad. Ana Martins |
|
| 205 | _a3ยช ed | ||
| 210 |
_aRio de Mouro _cEverest Editora _d2000 |
||
| 215 |
_a[48] p. _ctotalmente il |
||
| 225 | 2 | _aNova antologia Disney | |
| 675 |
_a087.5 _vBN _zpor |
||
| 700 | 1 |
_917424 _aDisney _bWalt |
|
| 702 | 1 |
_930226 _4730 _aMartins _bAna |
|
| 090 | _a10181 | ||
| 942 |
_cMON _n0 |
||
| 999 | _a10181 | ||